000 00392nam a2200145Ia 4500
008 140925s9999 xx 000 0 und d
245 _ae-Review of Tourism Research /
_h[electronic resource]
516 _aElectronic text
650 _aResearch.
650 _aReview.
650 _aTourism.
856 _uhttp://ertr.tamu.edu/content/current-issues/
942 _cEJ
999 _c275742
_d275742